00281nam a2200109Ia 4500008004100000041000800041082001100049100001600060245004800076260003600124300001100160240112s1969 xx 000 0 und d aeng a616.05 aBEESON P.S. aTHE YEAR BOOK OF MEDICINE: YEAR BOOK SERIES bTHE YEAR BOOK PUB CHICAGOc1969 a880,HB